LEADER 01160cam2 2200277 450 001 E600200062655 005 20210922144604.0 100 $a20100406d1892 |||||ita|0103 ba 101 $alat 102 $aIT 200 0 $a2, 2 210 $aNeapoli$cEx Regio Typographeo Equ. Francisci Giannini$d1892 215 $aXII, 324 p.$dX XII tav. f.t. ; 34 cm. 225 2 $aSocietà Napoletana di Storia Patria$eMonumenti storici$vserie 2 410 1$1001LAEC00024464$12001 $a*Società Napoletana di Storia Patria : Monumenti storici$vserie 2 461 1$1001E600200033605$12000 $aMonumenta ad Neapolitani Ducatus historiam pertinentia : quae partim nunc primum, partim iterum typis vulgantur 700 1$aCapasso$b, Bartolomeo$3A600200027052$4070$036189 801 0$aIT$bUNISOB$c20210922$gRICA 850 $aUNISOB 852 $aUNISOB$j090$m79159 912 $aE600200062655 940 $aM 102 Monografia moderna SBN 941 $aM 957 $a090$bXVII (17)$i- 2,2$gCON$d79159$racquisto$1beth$2UNISOB$3UNISOB$420100406085649.0$520210922144604.0$6bethb$fConsultabile previa autorizzazione. Esempl. n.113 di 275 996 $a2, 2$91705053 997 $aUNISOB LEADER 01343nam0 22003011i 450 001 UON00449817 005 20231205105036.595 100 $a20150123d1958 |0itac50 ba 101 $aita 102 $aIT 105 $a|||| 1|||| 200 1 $aCiviltà e poesia romanze$fAlberto Del Monte 210 $aBari$cAdriatica$d1958 215 $a211 p.$d19 cm. 316 $aDono Prof. Alberto Varvaro.$5IT-UONSI F. Varvaro0122 316 $aVALORE STIMATO$5IT-UONSI Francese50 B.F.R/02 410 1$1001UON00173538$12001 $a Biblioteca di Filologia Romanza$1210 $aBari$cAdriatica Editrice.$v2 606 $aLetterature neolatine$3UONC086768$2FI 620 $aIT$dBari$3UONL000072 676 $a879$cLetteratura Latina Medievale e Moderna$v22 700 1$aDel Monte$bAlberto$3UONV135782$00 712 $aAdriatica Editrice$3UONV267082$4650 801 $aIT$bSOL$c20250606$gRICA 912 $aUON00449817 950 $aSIBA - SISTEMA BIBLIOTECARIO DI ATENEO$dSI F. Varvaro0122 $eSI 27285 7 Dono Prof. Alberto Varvaro. 950 $aSIBA - SISTEMA BIBLIOTECARIO DI ATENEO$dSI 50 B.F.R 02 $eSI FR 203 7 02 VALORE STIMATO$sBuono 996 $aCiviltà e poesia$9939573 997 $aUNIOR